Aansoo aag bhujany nikly (Record no. 8866)

000 -LEADER
fixed length control field 00380 a2200145 4500
040 ## - CATALOGING SOURCE
Original cataloging agency DLC
Language of cataloging DLC
082 ## - DEWEY DECIMAL CLASSIFICATION NUMBER
Classification number 891.4391
100 ## - MAIN ENTRY--PERSONAL NAME
Personal name Adil, Nosherwan
245 ## - TITLE STATEMENT
Title Aansoo aag bhujany nikly
Statement of responsibility, etc. Nosherwan Adil,
260 ## - PUBLICATION, DISTRIBUTION, ETC.
Place of publication, distribution, etc. Taxla:
Name of publisher, distributor, etc. Alf Lam Meem Publications,
Date of publication, distribution, etc. 2006.
300 ## - PHYSICAL DESCRIPTION
Extent 144p.
Dimensions 24 cm.
500 ## - GENERAL NOTE
General note Includes Index
650 ## - SUBJECT ADDED ENTRY--TOPICAL TERM
Topical term or geographic name entry element Urdu Poetry.
942 ## - ADDED ENTRY ELEMENTS (KOHA)
Koha item type Book
Call number prefix 891.4391 ADI
Source of classification or shelving scheme
Holdings
Withdrawn status Lost status Damaged status Not for loan Collection code Permanent Location Current Location Shelving location Date acquired Source of acquisition Cost, normal purchase price Total Checkouts Total Renewals Full call number Barcode Date last seen Price effective from Koha item type
          Central Library (CL) Central Library (CL) Fiction 07/20/2009 Donation 0.00   1 891.4391 ADI SEECS009581 11/02/2023 01/05/2017 Book
© 2023 Central Library, National University of Sciences and Technology. All Rights Reserved.